000 00996cam a22002894a 4500
001 12867621
003 OSt
005 20141119164453.0
008 020724s2004 inua b 001 0 eng
010 _a 2002110536
020 _a0789728001
035 _a(DLC) 2002110536
040 _aDLC
_cDLC
_dDLC
042 _apcc
050 0 0 _aTK7887
_b.M835 2004
082 0 0 _a004.16
_222
100 1 _aMueller, Scott.
_933649
245 1 0 _aUpgrading and repairing laptops /
_cScott Mueller.
246 1 4 _aScott Mueller's upgrading and repairing laptops
260 _aIndianapolis, Ind. :
_bQue,
_cc2004.
300 _aviii, 882 p. :
_bill. ;
_c24 cm. +
_e1 CD-ROM (4 3/4 in.)
504 _aIncludes bibliographical references and index.
650 0 _aLaptop computers
_xMaintenance and repair.
_933650
906 _a7
_bcbc
_corignew
_d2
_eepcn
_f20
_gy-gencatlg
942 _2lcc
_cBK
999 _c60794
_d60768